|
|
|
|
| LEADER |
00000nab a2200000 ar4500 |
| 001 |
vtls008997655 |
| 003 |
SK-MaSNL |
| 005 |
20260303065814.0 |
| 008 |
070613c2007 xo wr|p|||||||000 b|slo |
| 015 |
|
|
|a SNBRB2007/06
|2 snkbucl
|
| 038 |
|
|
|a SNKBUCL
|
| 040 |
|
|
|a SNKBUCL
|b slo
|c SNKBUCL
|e AACR2
|
| 041 |
0 |
|
|a slo
|
| 044 |
|
|
|a xo
|c SK
|
| 080 |
|
|
|a 629.331.1
|2 2001
|
| 100 |
1 |
|
|a Marianyi, Peter,
|d 1953-
|4 aut
|9 211540
|
| 245 |
1 |
0 |
|a Neotrasiteľný základ
|b Ssangyong Rexton II
|c Andrea Bezáková
|
| 300 |
|
|
|b Fotogr., tab.
|
| 650 |
0 |
7 |
|a Rexton II (osobný automobil)
|2 snkbucl
|9 1066360
|
| 650 |
0 |
7 |
|a osobné automobily
|2 snkbucl
|9 26643
|
| 650 |
0 |
7 |
|a technické parametre
|2 snkbucl
|9 452097
|
| 773 |
0 |
|
|t Stop
|g Roč. XXXVII, č. 11 (2007), s. 32-33
|x 1335-0730
|
| 852 |
|
|
|a SNK
|b KIS3GCP
|
| 999 |
|
|
|c 1752785
|d 1754715
|